<?xml version="1.0" encoding="UTF-8"?>
<record
    xmlns:xsi="http://www.w3.org/2001/XMLSchema-instance"
    xsi:schemaLocation="http://www.loc.gov/MARC21/slim http://www.loc.gov/standards/marcxml/schema/MARC21slim.xsd"
    xmlns="http://www.loc.gov/MARC21/slim">

  <leader>00394nam a2200145Ia 4500</leader>
  <controlfield tag="008">220530s9999    xx            000 0 und d</controlfield>
  <datafield tag="041" ind1=" " ind2=" ">
    <subfield code="a">eng</subfield>
  </datafield>
  <datafield tag="082" ind1=" " ind2=" ">
    <subfield code="a">909.48</subfield>
    <subfield code="b">GRO</subfield>
  </datafield>
  <datafield tag="100" ind1=" " ind2=" ">
    <subfield code="a">Grover B.L; Mehta Alka</subfield>
    <subfield code="9">54654</subfield>
  </datafield>
  <datafield tag="245" ind1=" " ind2=" ">
    <subfield code="a">A New Look at Modern Indian History</subfield>
  </datafield>
  <datafield tag="260" ind1=" " ind2=" ">
    <subfield code="a">Delhi </subfield>
    <subfield code="b">S Chand &amp; Co Ltd </subfield>
    <subfield code="c">2010</subfield>
  </datafield>
  <datafield tag="300" ind1=" " ind2=" ">
    <subfield code="a">XXIX, 570</subfield>
    <subfield code="b">PB</subfield>
  </datafield>
  <datafield tag="700" ind1=" " ind2=" ">
    <subfield code="a"> Mehta Alka</subfield>
    <subfield code="9">54655</subfield>
  </datafield>
  <datafield tag="906" ind1=" " ind2=" ">
    <subfield code="a">72.5</subfield>
    <subfield code="b">MECH</subfield>
  </datafield>
  <datafield tag="999" ind1=" " ind2=" ">
    <subfield code="c">49951</subfield>
    <subfield code="d">49951</subfield>
  </datafield>
  <datafield tag="952" ind1=" " ind2=" ">
    <subfield code="0">0</subfield>
    <subfield code="1">0</subfield>
    <subfield code="4">0</subfield>
    <subfield code="7">0</subfield>
    <subfield code="8">Allied Science</subfield>
    <subfield code="a">CEWN</subfield>
    <subfield code="b">CEWN</subfield>
    <subfield code="d">2010-11-20</subfield>
    <subfield code="e">S. Chand and Co</subfield>
    <subfield code="g">290.00</subfield>
    <subfield code="o">909.48/GRO</subfield>
    <subfield code="p">CEWN-BK-2560</subfield>
    <subfield code="r">2022-05-30 00:00:00</subfield>
    <subfield code="v">217.50</subfield>
    <subfield code="w">2022-05-30</subfield>
    <subfield code="y">BK</subfield>
    <subfield code="z">002560</subfield>
  </datafield>
</record>
